00906nam a2200241 a 450000100100000000500170001000800410002702000180006804000250008608200160011110000270012724501150015426000350026930000200030449000260032450400730035050400390042370000310046283000340049304900090052795201130053699900150064900000463820200929151456.0090724s2007 gw 000 0 eng d a9783939413011 aDO-SdBNPbengcBNPHU axxxxbK639c1 aKleifeld, Helge91352010aConservation and mass proces :bpractical mass de-acidification /cHelge Kleifeld ; traducción Edward Cross. aEssen, Alemania :bLVR,c2007. a84 p. ;c21 cm.1 aArchivbookletsvv. 36 aIncluye referencias bibliográficas y notas al pie de las páginas aIncluye bibliografías (p. 83-84)1 aCross, Edward,etr.913521 0aArchivbookletsnno. 36913522 aBNPD 001050718MOaGRbGRcCTd2010-07-21iLF1l0oxxxx K639cp4638-10r2020-06-25w2020-06-25y1ZNo se presta c4445d4445